| 000 | 02300nam0a2200409 i 4500 | ||
|---|---|---|---|
| 001 | RU\NLR\BIBL_A\010364738 | ||
| 005 | 20260409074500.0 | ||
| 010 |
_a9785998404498 _970 |
||
| 021 |
_aRU _b2014-24591 _91525 |
||
| 021 |
_aRU _b2014-24591 _91810 |
||
| 035 | _a(NILC)RuMoRGB-006772636 | ||
| 035 | _a(NLR Aleph) 010364738 | ||
| 090 |
_a9591467 _c9591467 |
||
| 100 | _a20140604d2014 u y0rusy50 ca | ||
| 101 | 0 | _arus | |
| 102 | _aRU | ||
| 105 | _ag|||j||||00yy | ||
| 200 | 1 |
_aУроки фортепиано _eучебное пособие _e[для студентов музыкальных учебных заведений очной и заочной форм обучения направлений 073100 "музыкально-инструментальное искусство", 050100 "Педагогическое образование", изучающих курс "Фортепиано"] _fГ. А. Садыхова _gМ-во образования и науки Рос. Федерации, Федер. гос. бюджет. образоват. учреждение высш. проф. образования "Владимир. гос. ун-т им. Александра Григорьевича и Николая Григорьевича Столетовых" |
|
| 205 | _a2-е изд., испр. | ||
| 210 |
_aВладимир _cВлГУ _d2014 |
||
| 215 |
_a365 с. _cноты _d20 |
||
| 300 | _aНа 4-й с. обл. авт.: Садыхова Г.А. - Засл. деят. искусств Рос. Федерации, проф. | ||
| 320 | _aБиблиогр. в конце ст. и в подстроч. примеч. | ||
| 606 |
_aПианизм _jУчебные издания _91667582 _3RU\NLR\AUTH\66739344 |
||
| 606 |
_aФортепианная техника _jУчебные издания _xПреподавание _92158022 _3RU\NLR\AUTH\661298975 |
||
| 675 | _a786.2(075.8) | ||
| 686 | 1 | _aЩ310.715.42-7я7 | |
| 686 | 1 | _aЧ479.782.6я7 | |
| 686 | 1 | _aЧ489.782.6я7 | |
| 686 | 1 | _aЧ426.67-9я7 | |
| 700 | 1 |
_aСадыхова _bГ. А. _f1940- _gГюльнар Абульфазовна |
|
| 801 | 0 |
_aRU _bRuMoRKP _c20140331 _gRCR |
|
| 801 | 2 |
_aRU _bРГБ _c20140417 _grcr |
|
| 942 | _cBOOK | ||
| 980 | _aNBR | ||